000 00841nam a2200205 a 4500
001 000041856
005 20201002035808.0
008 131016s2002 sp 001 0 spa d
020 _a8400080289
040 _aDO-SdBNP
_bspa
_cBNPHU
100 1 _aMutgé Vives, Josefina
_968741
245 1 0 _aPergamins del monestir benedictí de Sant Pau del Camp de Barcelona :
_bde l'Arxiu de la Corona d'Aragó (segles XII-XIV) /
_cJosefina Mutgé i Vives.
260 _aBarcelona :
_bInstitució Milà i Fontanals,
_c2002.
300 _a361 p. : ;
_c25 cm.
490 1 _aAnuario de estudios medievales.
_aanex
_v45
500 _aIncluye índice
504 _aIncluye referencias bibliográficas y notas al pie de las páginas
710 2 _aInstitución Milá y Fontanals (Barcelona)
_968486
830 0 _aAnuario de estudios medievales.
_pAnex;
_v45
_968742
999 _c41345
_d41345